00414pab a2200157 454500008004000000100002200040245005300062260000900115300001100124362001100135650002200146650001800168650002900186650002100215773002000236180718b2003 xxu||||| |||| 00| 0 eng d aSrivastava, Gouri aGrowth in the higher education of women in India c2003 ap.1-2. a17 Mar aEducation - India aWomen - India aHigher education - India aWomens education aUniversity News